Statystyki dla 5- Życie Prywatne: część 2/3

Kliknij tutaj aby rozwiązać quiz!

Ogólne statystyki

  • Ten quiz został rozwiązany 9 razy
  • Średni wynik to 10 z 67

Statystyki odpowiedzi

HintOdpowiedź% Poprawnych
narodzinybirth
75%
urodzinybirthday
75%
Halloweenhalloween
75%
chat onlinechat online
50%
pogrzebfuneral
50%
wakacjeholidays
50%
ślubwedding
50%
upiecz ciastobake a cake
38%
Boże Narodzeniechristmas
38%
iść pływaćgo swimming
38%
panna młodabride
25%
świececandles
25%
pobieraćdownload
25%
posłuchać muzykilisten to music
25%
otwierać prezentyopen gifts
25%
grać w gryplay games
25%
spędzić wolny czasspend free time
25%
tradycyjna muzykatraditional music
25%
obrączkawedding ring
25%
konfliktyconflicts
13%
zmywać naczyniado the dishes
13%
rozwieść sięget divorced
13%
pan młodygroom
13%
Jest wpół do 9It's half past 9
13%
Jest kwadrans po 9It's quarter past 9
13%
Jest za kwadrans 9It's quarter to 9
13%
Jest dwadzieścia po 9It's twenty past 9
13%
zrobić przekaskęmake a snack
13%
zrobić śniadaniemake breakfast
13%
zrobić kawęmake coffee
13%
zrobić obiadmake dinner
13%
posłaćmake the bed
13%
uprawiać sportyplay sports
13%
problemyproblems
13%
Wysłać wiadomość tekstowąsend text message
13%
Która godzinaWhat time is it
13%
być bliskobe close
0%
być w separacjibe separated
0%
druhnabridesmaid
0%
wychowaćbring up
0%
uroczystościcelebrations
0%
robić prace domowedo the chores
0%
gotowaćdo the cooking
0%
prasowaćdo the ironing
0%
Zrobić praniedo the washing
0%
zrobić praniedo the washing up
0%
codzienne czynnościeveryday activities
0%
dziewczyna sypiąca kwiatyflower girl
0%
dobrze się dogadywaćget on well
0%
wyjść zgo out with
0%
brać kąpielhave a bath
0%
gawędzićhave a chat
0%
Poczęstować się herbatąhave a cup of tea
0%
zdrzemnąć sięhave a nap
0%
kłócić sięhave an argument
0%
przekąsić cośhave a snack
0%
zjeść śniadaniehave breakfast
0%
napić się kawyhave coffee
0%
jeść obiadhave dinner
0%
Jest godzina 9It's 9 o'clock
0%
zaparzyć herbatęmake a cup of tea
0%
pogodzić sięmake up
0%
przyjęciereception
0%
odpalić fajerwerkiset off fireworks
0%
rozstać sięsplit up
0%
przeglądać internetsurf the net
0%
suknia ślubnawedding gown
0%

Rozkład punktacji

Percentyl według liczby udzielonych odpowiedzi

Procent ludzi z każdym wynikiem

Twoja historia wyników

Nie rozwiązałeś tego quizu